[Event "France - Open A"]
[Site "Chartres"]
[Date "2019.08.25"]
[Round "9.13"]
[White "Llapasset, Jean-Louis"]
[Black "Saya, Ethan"]
[Result "1-0"]
[WhiteElo "2050"]
[BlackElo "2068"]
[PlyCount "127"]
[EventDate "2019.08.??"]
[EventType "swiss"]
[EventRounds "9"]
[EventCountry "FRA"]
[WhiteTeam "Echiquier Diabolique de Canohes"]
[BlackTeam "Echiquier Grenoblois"]

1. e4 e5 2. Nf3 Nc6 3. Bc4 Bc5 4. d3 Nf6 5. c3 d6 6. a4 a5 7. Nbd2 h6 8. h3 Bb6
9. Bb3 Be6 10. Bxe6 fxe6 11. Nc4 Ba7 12. Qb3 Qc8 13. O-O O-O 14. Be3 Kh7 15.
Rfe1 Bxe3 16. Rxe3 b6 17. Qc2 Kg8 18. Rc1 Qa6 19. Na3 Nd7 20. d4 Rae8 21. Qb3
Kh7 22. Nb5 Qb7 23. Qc4 Re7 24. d5 exd5 25. exd5 Na7 26. Nxc7 Rf4 27. Re4 Nf6
28. Rxf4 exf4 29. Ne6 Qxd5 30. Qxd5 Nxd5 31. c4 Rxe6 32. cxd5 Re7 33. Nd4 Kg6
34. Nc6 Nxc6 35. Rxc6 Rb7 36. Rxd6+ Kf5 37. Rc6 b5 38. Rc5 bxa4 39. Rxa5 Rxb2
40. d6+ Ke6 41. Rxa4 Kxd6 42. Rxf4 Ke6 43. h4 h5 44. Kh2 g6 45. Kh3 Ke5 46. Rf8
Rb4 47. f3 Rc4 48. g4 hxg4+ 49. fxg4 Ra4 50. Kg3 Rb4 51. h5 gxh5 52. gxh5 Rb1
53. Kh4 Rh1+ 54. Kg5 Rg1+ 55. Kh6 Ke6 56. Kh7 Rh1 57. h6 Ke7 58. Rf2 Ke8 59.
Rf6 Ke7 60. Kg7 Rg1+ 61. Rg6 Rf1 62. h7 Rf7+ 63. Kh6 Rf8 64. Rg8 1-0

[Event "France - Open A"]
[Site "Chartres"]
[Date "2019.08.25"]
[Round "9.14"]
[White "Maleki, Nicolas"]
[Black "Batteux, Mickael"]
[Result "0-1"]
[WhiteElo "2118"]
[BlackElo "2037"]
[PlyCount "66"]
[EventDate "2019.08.??"]
[EventType "swiss"]
[EventRounds "9"]
[EventCountry "FRA"]
[WhiteTeam "Echiquier Tourangeau"]
[BlackTeam "Fillé sur Sarthe"]

1. d4 Nf6 2. Nf3 g6 3. c4 Bg7 4. Nc3 d6 5. g3 O-O 6. Bg2 Na6 7. O-O c5 8. d5
Nc7 9. h3 a6 10. a4 b6 11. Re1 Rb8 12. e4 Nd7 13. Nd2 b5 14. axb5 axb5 15. f4
Rb6 16. Nf3 bxc4 17. e5 Nb5 18. Ra4 Nxc3 19. bxc3 Ra6 20. Rxc4 Nb6 21. Rce4
dxe5 22. Bf1 Ra1 23. c4 exf4 24. gxf4 Bf5 25. Rxe7 Bb2 26. Qb3 Bxc1 27. Rb7 Rb1
28. Qc3 Bb2 29. Qd2 Rxe1 30. Qxe1 Bg7 31. Qa5 Nd7 32. Qb5 Qe8 33. Qb3 Qe4 0-1

[Event "France - Open A"]
[Site "Chartres"]
[Date "2019.08.25"]
[Round "9.15"]
[White "Trouve, Guillaume"]
[Black "Eche, Sylvain"]
[Result "1-0"]
[WhiteElo "2114"]
[BlackElo "2058"]
[PlyCount "77"]
[EventDate "2019.08.??"]
[EventType "swiss"]
[EventRounds "9"]
[EventCountry "FRA"]
[WhiteTeam "Mulhouse Philidor"]
[BlackTeam "C'Chartres Echecs"]

1. e4 c5 2. Nf3 d6 3. d4 cxd4 4. Nxd4 Nf6 5. Nc3 a6 6. h3 e5 7. Nde2 h5 8. g3
Be7 9. Bg2 b5 10. Nd5 Nbd7 11. Be3 Nxd5 12. Qxd5 Rb8 13. O-O-O Nb6 14. Qd3 Nc4
15. f4 Qa5 16. Kb1 Be6 17. Nc1 O-O 18. f5 Bd7 19. Bf3 d5 20. Bd2 dxe4 21. Bxe4
Qc7 22. Qf3 Rfd8 23. Rh2 Nd6 24. Nd3 Nxe4 25. Qxe4 f6 26. g4 Bc6 27. Qe3 Rbc8
28. Rc1 Be8 29. Rg2 Bc5 30. Qe2 h4 31. g5 fxg5 32. Bxg5 Rd5 33. Bf6 Bf8 34.
Bxg7 Bxg7 35. f6 Rd7 36. Rcg1 e4 37. Qxe4 Kh8 38. Qxh4+ Kg8 39. Rxg7+ 1-0

[Event "France - Open A"]
[Site "Chartres"]
[Date "2019.08.25"]
[Round "9.16"]
[White "Serralta, Michel"]
[Black "Frantz, Nicolas"]
[Result "1-0"]
[WhiteElo "2103"]
[BlackElo "2045"]
[PlyCount "37"]
[EventDate "2019.08.??"]
[EventType "swiss"]
[EventRounds "9"]
[EventCountry "FRA"]
[WhiteTeam "USAM Echiquier Brestois"]
[BlackTeam "Vandoeuvre-Echecs"]

1. d4 Nf6 2. c4 e6 3. Nc3 Bb4 4. e3 O-O 5. Bd3 c5 6. a3 Bxc3+ 7. bxc3 Nc6 8.
Ne2 b6 9. O-O Ba6 10. e4 Ne8 11. f4 f5 12. e5 Na5 13. g4 fxg4 14. Ng3 Qh4 15.
f5 Rc8 16. d5 Bxc4 17. fxe6 Rxf1+ 18. Qxf1 Bxd3 19. Qf7+ 1-0

[Event "France - Open A"]
[Site "Chartres"]
[Date "2019.08.25"]
[Round "9.17"]
[White "Grandy, Aurelien"]
[Black "Emmenecker, Philippe"]
[Result "0-1"]
[WhiteElo "2032"]
[BlackElo "2098"]
[PlyCount "110"]
[EventDate "2019.08.??"]
[EventType "swiss"]
[EventRounds "9"]
[EventCountry "FRA"]
[WhiteTeam "Avinkha Club d'Echecs"]
[BlackTeam "Issy-Les-Moulineaux"]

1. e4 e5 2. Nf3 Nc6 3. Bc4 Nf6 4. d3 h6 5. O-O d6 6. a4 g6 7. a5 a6 8. Nc3 Bg7
9. Be3 O-O 10. d4 Ng4 11. h3 Nxe3 12. fxe3 Bd7 13. Ne2 Qe7 14. Ng3 Rae8 15. c3
Nd8 16. Qb3 h5 17. Rae1 Bh6 18. d5 Bc8 19. Qd1 b5 20. axb6 cxb6 21. Rf2 Kh7 22.
Bb3 f6 23. Bc2 Nf7 24. Qe2 Ng5 25. Nh4 Rg8 26. Ref1 Ref8 27. Kh2 Rf7 28. Bd3 b5
29. c4 bxc4 30. Bxc4 a5 31. Bb5 Rgf8 32. Nxg6 Kxg6 33. Qxh5+ Kg7 34. Rc2 f5 35.
Rxc8 Rxc8 36. Nxf5+ Rxf5 37. Rxf5 Rf8 38. h4 Nh7 39. Qg4+ Kh8 40. Rh5 Qg7 41.
Qh3 Nf6 42. Rg5 Bxg5 43. hxg5+ Nh7 44. Bd7 Qxg5 45. Bf5 Rf7 46. Kg1 Rc7 47. b3
Kg8 48. Bxh7+ Rxh7 49. Qc8+ Kg7 50. Qc7+ Kh6 51. Qxd6+ Kh5 52. Qc5 Rg7 53. Qc2
Qxe3+ 54. Qf2 Qxf2+ 55. Kxf2 Rb7 0-1

[Event "France - Open A"]
[Site "Chartres"]
[Date "2019.08.25"]
[Round "9.18"]
[White "Weibel, Theo"]
[Black "Muller, Matthieu"]
[Result "0-1"]
[WhiteElo "2081"]
[BlackElo "1953"]
[PlyCount "108"]
[EventDate "2019.08.??"]
[EventType "swiss"]
[EventRounds "9"]
[EventCountry "FRA"]
[WhiteTeam "Echiquier Club Le Mans"]
[BlackTeam "Mulhouse Philidor"]

1. e4 c5 2. Nf3 d6 3. d4 cxd4 4. Nxd4 Nf6 5. Nc3 a6 6. Nb3 e6 7. g4 d5 8. exd5
Nxd5 9. Nxd5 exd5 10. Bg2 Be6 11. Be3 Nc6 12. Qe2 Ne5 13. h3 Nc4 14. O-O-O Be7
15. Bd4 Bg5+ 16. Kb1 O-O 17. h4 Bf4 18. g5 Rc8 19. Bh3 Re8 20. Bxe6 fxe6 21.
Qf3 Rf8 22. Qg4 Rc6 23. Rhe1 e5 24. Bc5 Re8 25. Qf3 Nd2+ 26. Nxd2 Rxc5 27. Nb3
Rb5 28. c4 Rb4 29. Qxd5+ Qxd5 30. cxd5 Rd8 31. d6 b6 32. Rd5 Kf7 33. Red1 Rd7
34. R1d3 Rc4 35. a3 Ke6 36. Nd2 Bxd2 37. Rxd2 Rxh4 38. R5d3 Rg4 39. Rh3 g6 40.
Re3 Rxg5 41. f4 Rf5 42. Rde2 Rxd6 43. fxe5 Rd5 44. Rc3 Rb5 45. Rh3 Rfxe5 46.
Rxe5+ Rxe5 47. Rxh7 Rc5 48. b4 Rc6 49. Kb2 g5 50. a4 Kf5 51. Ra7 g4 52. Rxa6 g3
53. Ra8 g2 54. Rf8+ Kg5 0-1

[Event "France - Open A"]
[Site "Chartres"]
[Date "2019.08.25"]
[Round "9.19"]
[White "Anes, Emmanuel"]
[Black "Valentin, Rene"]
[Result "0-1"]
[WhiteElo "2014"]
[BlackElo "2076"]
[PlyCount "86"]
[EventDate "2019.08.??"]
[EventType "swiss"]
[EventRounds "9"]
[EventCountry "FRA"]
[WhiteTeam "L'Echiquier du Lac Enghien"]
[BlackTeam "C'Chartres Echecs"]

1. e4 c5 2. Nf3 e6 3. d3 d5 4. Nbd2 b6 5. g3 dxe4 6. dxe4 Bb7 7. Bg2 Nf6 8. e5
Nfd7 9. O-O Nc6 10. Re1 Qc7 11. Nc4 b5 12. Nd6+ Bxd6 13. exd6 Qb6 14. c3 O-O
15. Qc2 Rfd8 16. Bf4 Nf8 17. g4 Rd7 18. Rad1 Rad8 19. Ng5 Na5 20. Bxb7 Nxb7 21.
Ne4 Ng6 22. Bg5 Re8 23. Qd2 e5 24. f4 c4+ 25. Kf1 Nc5 26. Nxc5 Qxc5 27. f5 Nf8
28. Qd5 Qxd5 29. Rxd5 f6 30. Be3 Rb7 31. Rc5 Nd7 32. Rd1 Nxc5 33. Bxc5 Kf7 34.
Kf2 g6 35. Ke3 gxf5 36. gxf5 Rg8 37. Ke4 Ke8 38. Kd5 Kd7 39. Rd2 Rg4 40. Be3 a5
41. Rf2 b4 42. Rf3 bxc3 43. Rh3 Rb5+ 0-1

[Event "France - Open A"]
[Site "Chartres"]
[Date "2019.08.25"]
[Round "9.20"]
[White "Bleuzen, Erwan"]
[Black "Bergougnoux, Axel"]
[Result "0-1"]
[WhiteElo "2013"]
[BlackElo "2064"]
[Annotator "Alain"]
[PlyCount "80"]
[EventDate "2019.08.??"]
[EventType "swiss"]
[EventRounds "9"]
[EventCountry "FRA"]
[WhiteTeam "Echiquier Gouesnousien"]
[BlackTeam "Cannes Echecs"]

1. d4 g6 2. Nf3 Bg7 3. c4 Nf6 4. Nc3 d5 5. cxd5 Nxd5 6. Bd2 O-O 7. e3 c5 8. Qb3
Nb4 9. a3 Be6 10. Qa4 Nd5 11. dxc5 Nxc3 12. Bxc3 Bxc3+ 13. bxc3 Nd7 14. c6 bxc6
15. Nd4 Bd5 16. c4 Be4 17. f3 Nb6 18. Qa5 c5 19. Qxc5 Nd7 20. Qb4 e5 21. Nb5 a6
22. Nd6 Bc6 23. Be2 Qg5 24. Kf2 Qh4+ 25. g3 Qf6 26. c5 Rab8 27. Qc3 h5 28. Rab1
Rbd8 29. Rhd1 h4 30. Rb4 hxg3+ 31. hxg3 Kg7 32. Rh4 Rh8 33. Rxh8 Rxh8 34. Rg1
Qe6 35. Rg2 Rd8 36. Kg1 Qd5 37. Ne4 f5 38. Nd2 Qxc5 39. Qxc5 Nxc5 40. Nc4 Kf6 {
gain noir au 55ème coup} 0-1

[Event "France - Open A"]
[Site "Chartres"]
[Date "2019.08.25"]
[Round "9.21"]
[White "Robert, Yoann"]
[Black "Roux, Baptiste"]
[Result "0-1"]
[WhiteElo "1966"]
[BlackElo "2130"]
[PlyCount "82"]
[EventDate "2019.08.??"]
[EventType "swiss"]
[EventRounds "9"]
[EventCountry "FRA"]
[WhiteTeam "Club d'Echecs de Sautron"]
[BlackTeam "Corsica Chess Club"]

1. b3 d5 2. Bb2 Bg4 3. Nf3 Nd7 4. e3 Ngf6 5. h3 Bh5 6. c4 e6 7. Be2 c6 8. O-O
Bd6 9. d4 Ne4 10. Nc3 Nxc3 11. Bxc3 Nf6 12. Nd2 Bxe2 13. Qxe2 O-O 14. e4 Bf4
15. e5 Bxd2 16. Bxd2 Ne4 17. Be3 f5 18. exf6 Qxf6 19. Rfe1 Rf7 20. f3 Ng3 21.
Qf2 Qg6 22. Kh2 Nf5 23. Re2 Raf8 24. Rae1 Rf6 25. Bf4 Qf7 26. Be5 Rg6 27. g4
Ne7 28. Re3 h5 29. Qe2 hxg4 30. hxg4 Rh6+ 31. Kg2 Ng6 32. Rh1 Nh4+ 33. Kf2 Nxf3
34. Rxf3 Qxf3+ 35. Qxf3 Rxf3+ 36. Kxf3 Rxh1 37. Bb8 a6 38. Kf4 Kf7 39. Ke5 Ke7
40. Bd6+ Kd7 41. Bf8 Rg1 0-1

[Event "France - Open A"]
[Site "Chartres"]
[Date "2019.08.25"]
[Round "9.22"]
[White "Spitz, Christophe"]
[Black "Labrande, Theodore"]
[Result "1-0"]
[WhiteElo "2147"]
[BlackElo "1996"]
[PlyCount "97"]
[EventDate "2019.08.??"]
[EventType "swiss"]
[EventRounds "9"]
[EventCountry "FRA"]
[WhiteTeam "U.S. Orléans.Echecs"]
[BlackTeam "La Tour Saint Pierroise"]

1. e4 c5 2. Nf3 Nc6 3. d4 cxd4 4. Nxd4 Nf6 5. Nc3 e5 6. Ndb5 d6 7. Bg5 a6 8.
Bxf6 gxf6 9. Na3 b5 10. Nd5 f5 11. Bd3 Be6 12. c3 Bg7 13. Nxb5 axb5 14. Bxb5
Bd7 15. exf5 O-O 16. O-O Re8 17. Qg4 Kh8 18. Qe4 Nb8 19. a4 Bxb5 20. axb5 Nd7
21. b4 Nf6 22. Nxf6 Bxf6 23. Rad1 Qc7 24. Qc6 Rac8 25. Rxd6 Be7 26. Qxc7 Rxc7
27. Rc6 Rec8 28. f6 Bf8 29. Rxc7 Rxc7 30. Rd1 Rxc3 31. g4 Rc8 32. Rd7 Kg8 33.
b6 Rc4 34. g5 Rxb4 35. b7 Rb6 36. Kg2 h6 37. h4 h5 38. Kf3 Rb4 39. Ke2 e4 40.
Kd2 Rb6 41. Re7 Rd6+ 42. Ke3 Rd8 43. Rc7 Rb8 44. Kxe4 Re8+ 45. Kf5 Rb8 46. f3
Bd6 47. Rd7 Bc5 48. g6 fxg6+ 49. Kxg6 1-0

[Event "France - Open A"]
[Site "Chartres"]
[Date "2019.08.25"]
[Round "9.23"]
[White "Bernard, Jacques"]
[Black "Guillerm, Mischa"]
[Result "1/2-1/2"]
[WhiteElo "2140"]
[BlackElo "1960"]
[PlyCount "99"]
[EventDate "2019.08.??"]
[EventType "swiss"]
[EventRounds "9"]
[EventCountry "FRA"]
[WhiteTeam "Evry Grand Roque"]
[BlackTeam "U.S. Orléans.Echecs"]

1. e4 e5 2. Nf3 Nc6 3. Bb5 a6 4. Ba4 Nf6 5. O-O Be7 6. Re1 b5 7. Bb3 d6 8. c3
O-O 9. h3 Nb8 10. d4 Nbd7 11. Nbd2 Bb7 12. Bc2 Re8 13. Nf1 Bf8 14. Ng3 g6 15.
a4 c5 16. b3 Qc7 17. d5 Nb6 18. a5 Nc8 19. Bg5 Bg7 20. Qd2 Ne7 21. Nf1 Bc8 22.
Ng3 Rf8 23. Kh2 Ne8 24. Bh6 f6 25. Bxg7 Kxg7 26. Nh4 g5 27. Nhf5+ Nxf5 28. exf5
Qf7 29. Qe2 Kh8 30. c4 b4 31. Nf1 Ng7 32. Ne3 Ra7 33. Be4 Rd8 34. g3 Kg8 35.
Kg2 h5 36. Kh2 Kf8 37. Rg1 Ke7 38. h4 g4 39. f3 gxf3 40. Qxf3 Rh8 41. Ra2 Bd7
42. Bd3 Raa8 43. Bf1 Rh7 44. Bh3 Rah8 45. Nf1 Ne8 46. Nd2 Bc8 47. Ne4 Kd8 48.
Qe3 Qc7 49. Rf1 Rg8 50. Rg1 1/2-1/2

[Event "France - Open A"]
[Site "Chartres"]
[Date "2019.08.25"]
[Round "9.24"]
[White "Destic, Pablo"]
[Black "Gollain, Marc"]
[Result "0-1"]
[WhiteElo "1989"]
[BlackElo "2115"]
[PlyCount "124"]
[EventDate "2019.08.??"]
[EventType "swiss"]
[EventRounds "9"]
[EventCountry "FRA"]
[WhiteTeam "l'Echiquier Toulousain"]
[BlackTeam "Malakoff et Mat"]

1. e4 e5 2. Nf3 Nc6 3. Bb5 a6 4. Ba4 b5 5. Bb3 Bc5 6. c3 Nf6 7. O-O d6 8. h3
Rb8 9. d4 Bb6 10. a4 O-O 11. axb5 axb5 12. Qd3 b4 13. Bg5 bxc3 14. bxc3 h6 15.
Be3 Qe7 16. Nbd2 exd4 17. cxd4 Re8 18. Ba4 Bd7 19. Bxc6 Bxc6 20. d5 Bb5 21.
Qxb5 Bxe3 22. Qa4 Bc5 23. Rfb1 Rxb1+ 24. Rxb1 Nxe4 25. Nxe4 Qxe4 26. Qxe4 Rxe4
27. Re1 Rxe1+ 28. Nxe1 Kf8 29. Kf1 Ke7 30. Ke2 Kd7 31. Nd3 c6 32. dxc6+ Kxc6
33. Nf4 g5 34. Nh5 Kd5 35. g4 Ke5 36. Ng3 d5 37. Nf5 Bf8 38. Ke3 h5 39. Ng3 h4
40. Nh5 Bc5+ 41. Ke2 Ba3 42. Kd3 Bb2 43. f3 Bc1 44. Kc2 Bf4 45. Kd3 Bh2 46. Kc3
Kd6 47. Kd3 Be5 48. Ke3 Kc5 49. Kd3 Kb4 50. Kd2 Kc4 51. Kc2 Kd4 52. Kd2 Bf4+
53. Ke2 Be5 54. Kd2 Kc4 55. Kc2 d4 56. Kd2 d3 57. Kd1 Kc3 58. Kc1 d2+ 59. Kd1
Kd3 60. f4 gxf4 61. Nf6 Bxf6 62. g5 Ke3 0-1

[Event "France - Open A"]
[Site "Chartres"]
[Date "2019.08.25"]
[Round "9.25"]
[White "Humeau, Mickael"]
[Black "Peltrault, Frederic"]
[Result "1/2-1/2"]
[WhiteElo "1993"]
[BlackElo "2101"]
[PlyCount "81"]
[EventDate "2019.08.??"]
[EventType "swiss"]
[EventRounds "9"]
[EventCountry "FRA"]
[WhiteTeam "L'Echiquier Angevin"]
[BlackTeam "La tour de Juvisy"]

1. g4 d5 2. h3 e5 3. d3 Be6 4. Nf3 f6 5. Nc3 Bc5 6. Bd2 Qd7 7. a3 a5 8. e4 dxe4
9. Nxe4 Ba7 10. Be3 Bxe3 11. fxe3 Bd5 12. Nc3 Ne7 13. Bg2 Nbc6 14. Qe2 O-O-O
15. O-O-O Bf7 16. d4 Qe6 17. Rhe1 exd4 18. Nxd4 Nxd4 19. exd4 Qxe2 20. Rxe2 Ng6
21. Rf2 h6 22. Ne2 Nh4 23. Be4 Rhe8 24. Ng3 Bd5 25. Bxd5 Rxd5 26. Nh5 Rd7 27.
Rd3 Re4 28. d5 Kd8 29. Nf4 Ke7 30. b3 Kf7 31. Ne6 b6 32. g5 Re5 33. gxf6 gxf6
34. c4 f5 35. Rg3 Kf6 36. Rg4 Re1+ 37. Kd2 Rxe6 38. Rxh4 Kf7 39. Rf3 Kg6 40.
Rg3+ Kf7 41. Rf3 1/2-1/2

[Event "France - Open A"]
[Site "Chartres"]
[Date "2019.08.25"]
[Round "9.26"]
[White "Veron, Cyprien"]
[Black "Baroyan, Davit"]
[Result "0-1"]
[WhiteElo "2012"]
[BlackElo "2094"]
[PlyCount "74"]
[EventDate "2019.08.??"]
[EventType "swiss"]
[EventRounds "9"]
[EventCountry "FRA"]
[WhiteTeam "Saint Hilaire Petitville"]
[BlackTeam "Marseille-Echecs"]

1. Nf3 d5 2. c4 c6 3. e3 e6 4. Nc3 Bd6 5. d4 f5 6. Bd3 Nf6 7. c5 Bc7 8. b4 Ne4
9. Qc2 Nd7 10. g3 Qe7 11. Be2 O-O 12. Nxe4 fxe4 13. Nh4 e5 14. Bb2 Qf7 15. O-O
Nf6 16. dxe5 Ng4 17. f4 Nxe3 18. Qc3 Nxf1 19. Rxf1 Bh3 20. Rf2 Qe6 21. Kh1 Rf7
22. Bh5 g6 23. g4 Bxe5 24. Qxe5 Qxe5 25. Bxe5 gxh5 26. Nf5 Rd7 27. Nh6+ Kf8 28.
gxh5 Re8 29. Re2 Rxe5 30. fxe5 Kg7 31. Re3 Be6 32. Ng4 Bxg4 33. Rg3 Kf7 34.
Rxg4 Ke6 35. h6 Kxe5 36. Rg7 Ke6 37. Kg1 Rxg7+ 0-1

[Event "France - Open A"]
[Site "Chartres"]
[Date "2019.08.25"]
[Round "9.27"]
[White "Boulos, Carlos"]
[Black "Steibel, Julien"]
[Result "1/2-1/2"]
[WhiteElo "2078"]
[BlackElo "1993"]
[PlyCount "76"]
[EventDate "2019.08.??"]
[EventType "swiss"]
[EventRounds "9"]
[EventCountry "FRA"]
[WhiteTeam "J.E.E.N."]
[BlackTeam "Bischwiller"]

1. e4 c5 2. Nc3 Nc6 3. f4 g6 4. Nf3 Bg7 5. Bb5 Nd4 6. a4 a6 7. Bc4 b6 8. d3 d6
9. O-O e6 10. Be3 Ne7 11. Bxd4 cxd4 12. Ne2 d5 13. Bb3 dxe4 14. dxe4 Bb7 15.
Ng3 O-O 16. Ne1 d3 17. Nxd3 Qd4+ 18. Nf2 Rfd8 19. Qe2 Qxb2 20. f5 exf5 21. exf5
Nxf5 22. Nxf5 gxf5 23. Qe7 Bd5 24. Rab1 Qe5 25. Qxe5 Bxe5 26. Nd3 Bd4+ 27. Kh1
Be4 28. Rbd1 b5 29. axb5 axb5 30. h3 Rac8 31. Rd2 Kf8 32. Re2 Bxd3 33. cxd3 Rc3
34. Ba2 Rxd3 35. Rxf5 f6 36. Rxb5 Be5 37. Rbxe5 fxe5 38. Rxe5 Rd2 1/2-1/2

[Event "France - Open A"]
[Site "Chartres"]
[Date "2019.08.25"]
[Round "9.28"]
[White "Trabet, Mathis"]
[Black "Henno, Francois"]
[Result "1/2-1/2"]
[WhiteElo "1989"]
[BlackElo "2077"]
[PlyCount "64"]
[EventDate "2019.08.??"]
[EventType "swiss"]
[EventRounds "9"]
[EventCountry "FRA"]
[WhiteTeam "Echecs Club de Corbas"]
[BlackTeam "Cercle d'Echecs de Nantes"]

1. c4 Nf6 2. Nc3 e5 3. g3 Bb4 4. Bg2 O-O 5. Nf3 Bxc3 6. bxc3 Re8 7. O-O e4 8.
Nd4 d6 9. h3 Nbd7 10. d3 Nc5 11. Kh2 h6 12. Ba3 Rb8 13. Rb1 Bd7 14. Qd2 a6 15.
Rfd1 Qe7 16. Nc2 Ba4 17. Rb2 b6 18. Rdb1 exd3 19. exd3 Qe2 20. Nb4 Qxd2 21.
Rxd2 Re6 22. Nd5 Nxd5 23. Bxd5 Ree8 24. Bxc5 dxc5 25. d4 cxd4 26. cxd4 Rbd8 27.
Bf3 Re7 28. d5 Rd6 29. Rb4 Bd7 30. Rbb2 g5 31. Re2 Rxe2 32. Rxe2 Kf8 1/2-1/2

[Event "France - Open A"]
[Site "Chartres"]
[Date "2019.08.25"]
[Round "9.29"]
[White "Berger Dit Lacroix, Kilian"]
[Black "Schweitzer, Olaf"]
[Result "1-0"]
[WhiteElo "1967"]
[BlackElo "2065"]
[PlyCount "83"]
[EventDate "2019.08.??"]
[EventType "swiss"]
[EventRounds "9"]
[EventCountry "FRA"]
[WhiteTeam "Echecs Club de Corbas"]
[BlackTeam "Championnat de France 2019"]

1. e4 c5 2. Nf3 Nc6 3. d4 cxd4 4. Nxd4 Nf6 5. Nc3 e5 6. Ndb5 d6 7. Bg5 a6 8.
Na3 Be6 9. Nc4 Rc8 10. Ne3 Be7 11. Bxf6 Bxf6 12. Bd3 Bg5 13. Ncd5 O-O 14. a4 g6
15. O-O Kh8 16. Ra3 Nd4 17. a5 Bh6 18. Nb6 Rb8 19. Ned5 Qh4 20. c3 Nc6 21. Qe2
f5 22. f3 Rf7 23. Rd1 Rbf8 24. Bc2 g5 25. exf5 Bxf5 26. Bxf5 Rxf5 27. Ra4 g4
28. Rxg4 Qd8 29. b4 e4 30. Rxe4 Ne5 31. Nc4 Nxf3+ 32. gxf3 Rxf3 33. Rg4 Qd7 34.
Rg2 Qh3 35. Nxd6 Bg7 36. Ne8 Rf2 37. Rxf2 Rxf2 38. Kxf2 Qxh2+ 39. Ke1 Qh1+ 40.
Kd2 Qxd5+ 41. Kc1 Qg5+ 42. Qd2 1-0

[Event "France - Open A"]
[Site "Chartres"]
[Date "2019.08.25"]
[Round "9.30"]
[White "Adrian, Leopold"]
[Black "De Lussac, Rainier"]
[Result "1/2-1/2"]
[WhiteElo "1990"]
[BlackElo "2164"]
[PlyCount "70"]
[EventDate "2019.08.??"]
[EventType "swiss"]
[EventRounds "9"]
[EventCountry "FRA"]
[WhiteTeam "Vandoeuvre-Echecs"]
[BlackTeam "Cercle d'Echecs de Nantes"]

1. c4 Nf6 2. Nc3 e6 3. e4 c5 4. e5 Ng8 5. Nf3 Nc6 6. d4 cxd4 7. Nxd4 d6 8. Nxc6
bxc6 9. Bf4 d5 10. Bd3 Ne7 11. Qc2 Ng6 12. Bg3 d4 13. Ne4 Nxe5 14. O-O Nxd3 15.
Qxd3 f5 16. Nd2 Be7 17. Be5 O-O 18. Qxd4 Qxd4 19. Bxd4 c5 20. Bc3 Bb7 21. Rfe1
Kf7 22. Re2 Rfd8 23. Rae1 Rd6 24. Re5 Bf6 25. Rxc5 Bxc3 26. bxc3 Rxd2 27. Rc7+
Kf6 28. Rxb7 Rxa2 29. Rd1 Re8 30. f4 Re7 31. Rxe7 Kxe7 32. c5 Ra5 33. c6 Rc5
34. Rd7+ Kf6 35. Rxa7 Rxc3 1/2-1/2

[Event "France - Open A"]
[Site "Chartres"]
[Date "2019.08.25"]
[Round "9.31"]
[White "Logie, Marc"]
[Black "Denninger, Guilhem"]
[Result "0-1"]
[WhiteElo "1980"]
[BlackElo "2072"]
[PlyCount "114"]
[EventDate "2019.08.??"]
[EventType "swiss"]
[EventRounds "9"]
[EventCountry "FRA"]
[WhiteTeam "Club d'Echecs du Vesinet"]
[BlackTeam "Echecs Club Montpellier"]

1. d4 d5 2. Nf3 Nf6 3. Bf4 c5 4. e3 Nc6 5. c3 Qb6 6. Qb3 c4 7. Qxb6 axb6 8. Be2
Bf5 9. Nbd2 h6 10. h3 e6 11. O-O Be7 12. Rfe1 O-O 13. Bf1 b5 14. a3 Ra7 15. Ne5
Bh7 16. f3 Nxe5 17. Bxe5 Nd7 18. Bg3 f5 19. e4 f4 20. Bf2 Bd6 21. exd5 exd5 22.
Re6 Ra6 23. Ree1 Nb6 24. g3 fxg3 25. Be3 Na4 26. Ra2 Bc7 27. Bg2 Re6 28. f4 Nb6
29. Raa1 Rfe8 30. Nf1 Bxf4 31. Bd2 Bxd2 32. Rxe6 Rxe6 33. Nxd2 h5 34. h4 Re2
35. Nf1 Be4 36. Bxe4 Rxe4 37. Nxg3 Rxh4 38. Re1 Rg4 39. Kh2 h4 40. Nf5 Rf4 41.
Nd6 Rf2+ 42. Kh3 Rxb2 43. Kxh4 Rb3 44. Re8+ Kh7 45. Re7 Na4 46. Kg5 Nxc3 47.
Nf5 Ne4+ 48. Kf4 c3 49. Rxg7+ Kh8 50. Rc7 Rxa3 51. Ne3 Ra4 52. Ke5 Nd2 53. Nxd5
Rc4 54. Rxb7 Nf3+ 55. Ke4 Rxd4+ 56. Kxf3 Rxd5 57. Ke4 Rc5 0-1

[Event "France - Open A"]
[Site "Chartres"]
[Date "2019.08.25"]
[Round "9.32"]
[White "Calvo, Dylan"]
[Black "Juran, Baptiste"]
[Result "0-1"]
[WhiteElo "1975"]
[BlackElo "2038"]
[PlyCount "92"]
[EventDate "2019.08.??"]
[EventType "swiss"]
[EventRounds "9"]
[EventCountry "FRA"]
[WhiteTeam "Echiquier Tressois"]
[BlackTeam "Cercle d'Echecs de Villepinte"]

1. d4 d5 2. c4 c6 3. Nf3 Nf6 4. Nc3 dxc4 5. a4 Bf5 6. e3 e6 7. Bxc4 Bb4 8. O-O
O-O 9. Qe2 Bg6 10. Rd1 Nbd7 11. h3 Qe7 12. Bd3 e5 13. Bxg6 hxg6 14. Na2 Bd6 15.
dxe5 Nxe5 16. b3 Nxf3+ 17. Qxf3 Bh2+ 18. Kh1 Be5 19. Rb1 Rfd8 20. Bd2 Qa3 21.
Bc3 Rxd1+ 22. Qxd1 Qxa2 23. Rb2 Qxb2 24. Bxb2 Bxb2 25. Qd3 Be5 26. g3 Bc7 27.
Kg2 Rd8 28. Qc2 Ba5 29. Qc5 Bb6 30. Qc3 Nd5 31. Qe5 Bc7 32. Qe4 a5 33. h4 Kf8
34. g4 Nf6 35. Qc4 Bd6 36. Qd4 Rd7 37. g5 Bb4 38. Qf4 Ne8 39. e4 Nc7 40. Qg4
Ne6 41. f4 Rd2+ 42. Kf1 Kg8 43. f5 gxf5 44. exf5 Rd4 45. Qh3 Rd1+ 46. Kf2 Bc5+
0-1

[Event "France - Open A"]
[Site "Chartres"]
[Date "2019.08.25"]
[Round "9.33"]
[White "Brouard, Gregoire"]
[Black "Derouineau, Jacques"]
[Result "0-1"]
[WhiteElo "1979"]
[BlackElo "2037"]
[PlyCount "110"]
[EventDate "2019.08.??"]
[EventType "swiss"]
[EventRounds "9"]
[EventCountry "FRA"]
[WhiteTeam "J.E.E.N."]
[BlackTeam "C'Chartres Echecs"]

1. d4 d6 2. Nf3 Nd7 3. g3 g6 4. Bg2 Bg7 5. O-O Ngf6 6. c4 O-O 7. Nc3 e5 8. e4
Re8 9. Qc2 exd4 10. Nxd4 Nc5 11. Rd1 Bg4 12. f3 Bd7 13. b4 Ne6 14. Nb3 c6 15.
a3 Qc7 16. Qd2 Bf8 17. Bb2 Rad8 18. Rac1 Nh5 19. Kh1 Qb8 20. Nd4 Nxd4 21. Qxd4
Be6 22. g4 Bg7 23. Qd2 Nf6 24. h3 Bxc4 25. f4 b5 26. Re1 h6 27. Nd1 Re7 28. Nf2
Ne8 29. g5 hxg5 30. fxg5 d5 31. e5 Nc7 32. Ng4 Ne6 33. Qf2 Rc7 34. Qh4 Kf8 35.
Nf6 Ke7 36. Bd4 Rh8 37. Qf2 Nxd4 38. Qxd4 Qb6 39. Qf4 Kd8 40. h4 Kc8 41. Bh3+
Kb7 42. Nd7 Rxd7 43. Bxd7 d4 44. e6 Qc7 45. Qg4 fxe6 46. Bxe6 d3 47. Rcd1 Rd8
48. Bxc4 bxc4 49. Re3 Rd4 50. Re4 Qd6 51. Qf3 Rxe4 52. Qxe4 Qd5 53. Qxd5 cxd5
54. Kg2 c3 55. Rxd3 c2 0-1

[Event "France - Open A"]
[Site "Chartres"]
[Date "2019.08.25"]
[Round "9.34"]
[White "Corgeron, Jean-Luc"]
[Black "Marchais, Antoine"]
[Result "1/2-1/2"]
[WhiteElo "2036"]
[BlackElo "1975"]
[PlyCount "51"]
[EventDate "2019.08.??"]
[EventType "swiss"]
[EventRounds "9"]
[EventCountry "FRA"]
[WhiteTeam "Club Avenir St Georges Section Echecs "]
[BlackTeam "Rennes Paul Bert"]

1. d4 e6 2. c4 f5 3. g3 Nf6 4. Bg2 Be7 5. Nc3 O-O 6. Bg5 d6 7. Bxf6 Bxf6 8. e4
Nc6 9. Nge2 e5 10. d5 Ne7 11. O-O a6 12. b4 f4 13. Qd3 g5 14. gxf4 gxf4 15. Bh3
Ng6 16. Kh1 Nh4 17. Be6+ Kh8 18. Qh3 Qe8 19. Bxc8 Rxc8 20. f3 Rg8 21. Rf2 Rg6
22. Rg1 Rh6 23. Qg4 Rg6 24. Qh3 Rh6 25. Qg4 Rg6 26. Qh3 1/2-1/2